| 000 | 00457nam a22001937a 4500 | ||
|---|---|---|---|
| 005 | 20260120154747.0 | ||
| 008 | 260120b |||||||| |||| 00| 0 eng d | ||
| 020 |
_a9789361809996 _c225.00 |
||
| 040 | _aMAIN | ||
| 041 | _aEnglish | ||
| 082 |
_a511.8 _bNAG |
||
| 100 |
_aNagar, Nidhi _925971 |
||
| 245 | _aBusiness Mathematics | ||
| 260 |
_aLucknow _bThakur |
||
| 300 | _a264 | ||
| 650 | _aCommerce | ||
| 700 |
_aSharma, Yogesh _925972 |
||
| 942 | _cBK | ||
| 999 |
_c60009 _d60009 |
||